El rechazo de Rawls a la dicotonomía público-privado/
Đã lưu trong:
| Tác giả chính: | |
|---|---|
| Định dạng: | Sách |
| Ngôn ngữ: | Spanish |
| Các nhãn: |
Thêm thẻ
Không có thẻ, Là người đầu tiên thẻ bản ghi này!
|
MARC
| LEADER | 00000nam a22000007a 4500 | ||
|---|---|---|---|
| 003 | cru CIDCACS/IIS | ||
| 005 | 20170825140803.0 | ||
| 007 | ta | ||
| 008 | 170824t2016 cr |||p|r|||| 00| 0 spa d | ||
| 999 | |c 40325 |d 40325 | ||
| 040 | |c cru CIDCACS/IIS | ||
| 100 | 1 | |9 5383 |a Solano Fallas, Andrés | |
| 245 | 1 | 3 | |a El rechazo de Rawls a la dicotonomía público-privado/ |c Andrés Solano Fallas |
| 300 | |a páginas 67-80 | ||
| 773 | 0 | |0 40315 |9 1181 |a Universidad de Costa Rica |d San José, Montes de Oca, Costa Rica: Editorial Universidad de Costa Rica, 1957- |o 17914 |t Revista de Filosofía/ |x 00348252 | |
| 942 | |2 ddc |c PP | ||
